<?xml version="1.0" encoding="UTF-8"?>
<marc:record xmlns:marc="http://www.loc.gov/MARC21/slim">
   <marc:leader>00000nam a2200000 a 4500</marc:leader>
   <marc:datafield ind1="1" ind2=" " tag="100">
      <marc:subfield code="a">Sciorra,  Annabella</marc:subfield>
   </marc:datafield>
   <marc:datafield ind1="1" ind2=" " tag="100">
      <marc:subfield code="a">Gooding, Cuba</marc:subfield>
   </marc:datafield>
   <marc:datafield ind1="1" ind2=" " tag="100">
      <marc:subfield code="a">Williams, Robin</marc:subfield>
   </marc:datafield>
   <marc:datafield ind1="0" ind2="0" tag="245">
      <marc:subfield code="a">Hinter dem Horizont</marc:subfield>
   </marc:datafield>
   <marc:datafield ind1="0" ind2="0" tag="245">
      <marc:subfield code="b">Das Ende ist nur der Anfang</marc:subfield>
   </marc:datafield>
   <marc:datafield ind1=" " ind2="1" tag="264">
      <marc:subfield code="a">Berlin</marc:subfield>
      <marc:subfield code="b">Universal Family Entertainment</marc:subfield>
      <marc:subfield code="c">2004</marc:subfield>
   </marc:datafield>
   <marc:datafield ind1="1" ind2=" " tag="490">
      <marc:subfield code="a">2</marc:subfield>
   </marc:datafield>
   <marc:datafield ind1="1" ind2=" " tag="520">
      <marc:subfield code="a">Chris Nielsen, ein erfolgreicher Arzt, stirbt bei einem tragischen Autounfall. Er erwacht irgendwo "hinter dem Horizont", in einem Jenseits, wo all seine Träume und Fantasien zum Leben erwachen. In diesem himmlischen Paradies versucht Chris, seinen Frieden zu finden und die schmerzhafte Trennung von seiner  Frau Annie zu überwinden. Auch Annie kann den Verlust ihres Mannes nicht ertragen und nimmt sich völlig verzweifelt das Leben. Im Gegensatz zu Chris findet sich Annie in einer trostlosen Hölle monströser Alptraumfantasien wieder, aus der es kein Zurück gibt.</marc:subfield>
   </marc:datafield>
   <marc:datafield ind1=" " ind2=" " tag="020">
      <marc:subfield code="a">5053083014155</marc:subfield>
      <marc:subfield code="9">5053083014155</marc:subfield>
   </marc:datafield>
   <marc:datafield ind1=" " ind2=" " tag="500">
      <marc:subfield code="a">Nachdem Chris Nielsen (Robin Williams) bei einem Autounfall ums Leben kommt, findet er sich im Himmel wieder. So wunderbar farbenprächtig dieser Himmel auch sein mag, Chris möchte seiner schönen Frau Annie (Annabella Sciorra), die noch auf der Erde weilt,</marc:subfield>
   </marc:datafield>
   <marc:datafield ind1="0" ind2=" " tag="490">
      <marc:subfield code="v">0</marc:subfield>
   </marc:datafield>
   <marc:datafield ind1=" " ind2=" " tag="542">
      <marc:subfield code="d">Hynek, Joel</marc:subfield>
   </marc:datafield>
   <marc:datafield ind1=" " ind2=" " tag="300">
      <marc:subfield code="a">108 Min.</marc:subfield>
   </marc:datafield>
</marc:record>
